Psicología de la instrucción III: Nuevas perspectivas
Kaydedildi:
| Asıl Yazarlar: | , , |
|---|---|
| Materyal Türü: | Kitap |
| Dil: | İspanyolca |
| Baskı/Yayın Bilgisi: |
Madrid
Síntesis
1995
|
| Seri Bilgileri: | Psicología Evolutiva y de la Educación, 9
|
| Konular: | |
| Etiketler: |
Etiketle
Etiket eklenmemiş, İlk siz ekleyin!
|
MARC
| LEADER | 00000nam a2200000 a 4500 | ||
|---|---|---|---|
| 001 | UCQ1410 | ||
| 003 | CL-VaPUC | ||
| 008 | 980710e19950000SP |||||||||||||||||spa|d | ||
| 082 | 0 | 4 | |a 370.15 |b GEN |2 21 |
| 100 | |a Genovard Rosselló, Cándido |e author |9 415197 | ||
| 700 | 0 | |a Beltrán Llera, Jesús A |e author |9 415198 | |
| 700 | 0 | |a Rivas Martínez, Francisco |e author |9 415199 | |
| 245 | 1 | 0 | |a Psicología de la instrucción III: Nuevas perspectivas |
| 300 | |a 399 p | ||
| 942 | |c BK | ||
| 945 | |d 19980710 00:00:00 |a aalvarez | ||
| 260 | |a Madrid |b Síntesis |c 1995 | ||
| 650 | 0 | |a Psicología educacional |9 307830 | |
| 650 | 0 | |a Psicología del aprendizaje |9 306854 | |
| 650 | 7 | |a INSTRUCCION |2 CL-VaPUC |9 373408 | |
| 650 | 0 | |a Inteligencia |9 267038 | |
| 650 | 0 | |a Creatividad |9 310816 | |
| 650 | 0 | |a Pensamiento |9 307612 | |
| 650 | 0 | |a Lenguaje |9 265069 | |
| 583 | |a last modification |c 19980710 00:00:00 |k Rodrigo Vera | ||
| 490 | 0 | |a Psicología Evolutiva y de la Educación, 9 | |
| 999 | |c 272407 |d 272405 | ||
| 952 | |0 0 |1 0 |4 0 |6 370_150000000000000_GEN_1995 |7 0 |8 A |9 307329 |a BIBEDU |b BIBEDU |d 2019-11-20 |i 3440362 |o 370.15 GEN 1995 |p 3440362 |r 2019-11-20 |w 2019-11-20 |y BK |k BME | ||